<?xml version="1.0" encoding="UTF-8"?>
<record
    xmlns:xsi="http://www.w3.org/2001/XMLSchema-instance"
    xsi:schemaLocation="http://www.loc.gov/MARC21/slim http://www.loc.gov/standards/marcxml/schema/MARC21slim.xsd"
    xmlns="http://www.loc.gov/MARC21/slim">

  <leader>01471nam a22002537a 4500</leader>
  <controlfield tag="003">OSt</controlfield>
  <controlfield tag="005">20240611214812.0</controlfield>
  <controlfield tag="008">240611b           ||||| |||| 00| 0 spa d</controlfield>
  <datafield tag="020" ind1=" " ind2=" ">
    <subfield code="a">9786287659285</subfield>
  </datafield>
  <datafield tag="040" ind1=" " ind2=" ">
    <subfield code="c">CO-Mq BPB</subfield>
  </datafield>
  <datafield tag="041" ind1=" " ind2=" ">
    <subfield code="a">spa</subfield>
  </datafield>
  <datafield tag="082" ind1=" " ind2=" ">
    <subfield code="a">AN </subfield>
    <subfield code="b">RESc</subfield>
  </datafield>
  <datafield tag="100" ind1=" " ind2=" ">
    <subfield code="a">Restrepo, Laura</subfield>
    <subfield code="d">1950</subfield>
    <subfield code="e">autora</subfield>
  </datafield>
  <datafield tag="245" ind1=" " ind2=" ">
    <subfield code="a">Canci&#xF3;n de antiguos amantes</subfield>
  </datafield>
  <datafield tag="250" ind1=" " ind2=" ">
    <subfield code="a"> Edici&#xF3;n especial</subfield>
  </datafield>
  <datafield tag="264" ind1=" " ind2=" ">
    <subfield code="a">Bogot&#xE1; : </subfield>
    <subfield code="b">Alfaguara</subfield>
    <subfield code="c">2023</subfield>
  </datafield>
  <datafield tag="300" ind1=" " ind2=" ">
    <subfield code="a">396 p&#xE1;ginas </subfield>
    <subfield code="b">Tapa rustica</subfield>
    <subfield code="c">24 cm</subfield>
  </datafield>
  <datafield tag="490" ind1=" " ind2=" ">
    <subfield code="a">Plan Nacional de Lectura, Escritura y Oralidad / Ministerio de Cultura</subfield>
  </datafield>
  <datafield tag="521" ind1=" " ind2=" ">
    <subfield code="a">&#xBF;Se encontraron alguna vez Salom&#xF3;n y la reina de Saba? Esta novela trata de revivir, en la ficci&#xF3;n, su historia de amor. El mito de esta mujer legendaria tal vez se encarne mejor hoy en las migrantes que suben hacia Arabia desde el Cuerno de &#xC1;frica y se reclaman descendientes suyas. Canci&#xF3;n de antiguos amantes parte de una serie de viajes hechos por la autora con M&#xE9;dicos sin Fronteras por Yemen, Etiop&#xED;a y Somalia, actuales territorios del Reino de Saba. En la narraci&#xF3;n, buscando las ra&#xED;ces del personaje, una m&#xE9;dica somal&#xED; y un escritor occidental recorren juntos el gran drama humano del presente. Por ello esta novela trata tambi&#xE9;n de la posibilidad de sanar, de abrir los ojos, y tender una mano a los que la necesitan.</subfield>
  </datafield>
  <datafield tag="650" ind1=" " ind2=" ">
    <subfield code="a">Novela Colombiana</subfield>
  </datafield>
  <datafield tag="650" ind1=" " ind2=" ">
    <subfield code="a">Literatura Colombiana</subfield>
  </datafield>
  <datafield tag="650" ind1=" " ind2=" ">
    <subfield code="a">Mujeres inmigrantes en la literatura</subfield>
  </datafield>
  <datafield tag="942" ind1=" " ind2=" ">
    <subfield code="2">ddc</subfield>
    <subfield code="c">BKLIT</subfield>
  </datafield>
  <datafield tag="999" ind1=" " ind2=" ">
    <subfield code="c">15592</subfield>
    <subfield code="d">15592</subfield>
  </datafield>
  <datafield tag="952" ind1=" " ind2=" ">
    <subfield code="0">0</subfield>
    <subfield code="1">0</subfield>
    <subfield code="2">ddc</subfield>
    <subfield code="4">0</subfield>
    <subfield code="7">0</subfield>
    <subfield code="8">LA</subfield>
    <subfield code="a">BPMOS</subfield>
    <subfield code="b">BPMOS</subfield>
    <subfield code="c">FIC</subfield>
    <subfield code="d">2024-06-11</subfield>
    <subfield code="e">Dotaci&#xF3;n PNL 2023</subfield>
    <subfield code="i">NT</subfield>
    <subfield code="l">0</subfield>
    <subfield code="o">AN  RESc</subfield>
    <subfield code="p">MOS503800</subfield>
    <subfield code="r">2024-06-11</subfield>
    <subfield code="t">Ej.1</subfield>
    <subfield code="w">2024-06-11</subfield>
    <subfield code="y">BKLIT</subfield>
    <subfield code="z">Quince dias</subfield>
  </datafield>
</record>
